Business organizations : (Record no. 8432)

MARC details
000 -LEADER
fixed length control field 01768cam a2200337 a 4500
001 - CONTROL NUMBER
control field 15341144
005 - DATE AND TIME OF LATEST TRANSACTION
control field 20170822175037.0
008 - FIXED-LENGTH DATA ELEMENTS--GENERAL INFORMATION
fixed length control field 080624s2008 nyu 001 0 eng
010 ## - LIBRARY OF CONGRESS CONTROL NUMBER
LC control number 2008028036
020 ## - INTERNATIONAL STANDARD BOOK NUMBER
International Standard Book Number 9780735571402
020 ## - INTERNATIONAL STANDARD BOOK NUMBER
International Standard Book Number 9780735571419 (pbk. : teacher's manual)
040 ## - CATALOGING SOURCE
Original cataloging agency DLC
Transcribing agency DLC
Modifying agency BSU
043 ## - GEOGRAPHIC AREA CODE
Geographic area code n-us---
050 00 - LIBRARY OF CONGRESS CALL NUMBER
Classification number KF1355
Item number .S63 2008
082 00 - DEWEY DECIMAL CLASSIFICATION NUMBER
Classification number 346.73SMI
Edition number 22
100 1# - MAIN ENTRY--PERSONAL NAME
Personal name Smith, D. Gordon,
Dates associated with a name 1962-
9 (RLIN) 17937
245 10 - TITLE STATEMENT
Title Business organizations :
Remainder of title cases, problems, and case studies /
Statement of responsibility, etc D. Gordon Smith, Cynthia A. Williams.
250 ## - EDITION STATEMENT
Edition statement 2nd ed.
260 ## - PUBLICATION, DISTRIBUTION, ETC. (IMPRINT)
Place of publication, distribution, etc New York :
Name of publisher, distributor, etc Aspen Publishers,
Date of publication, distribution, etc c2008.
300 ## - PHYSICAL DESCRIPTION
Extent xxi, 1033 p. ;
Dimensions 26 cm. +
Accompanying material teacher's manual.
500 ## - GENERAL NOTE
General note Includes index.
505 0# - FORMATTED CONTENTS NOTE
Formatted contents note The law of agency -- Partnerships -- Limited liability companies -- Organization and structure of a corporation -- Financial rights of shareholders -- Control of the closely held firm -- Oppression of minority shareholders -- Control of the publicly held firm -- Duty of care -- Duty of loyalty -- Litigation to enforce directors' duties -- Friendly mergers and acquisitions -- Defending against hostile takeovers -- Regulation of disclosure, fraud, and insider trading.
650 #0 - SUBJECT ADDED ENTRY--TOPICAL TERM
Topical term or geographic name as entry element Business enterprises
General subdivision Law and legislation
Geographic subdivision United States
Form subdivision Cases.
9 (RLIN) 17938
650 #0 - SUBJECT ADDED ENTRY--TOPICAL TERM
Topical term or geographic name as entry element Corporation law
Geographic subdivision United States
Form subdivision Cases.
9 (RLIN) 17939
658 ## - INDEX TERM--CURRICULUM OBJECTIVE
Main curriculum objective Law
700 1# - ADDED ENTRY--PERSONAL NAME
Personal name Williams, Cynthia A.,
Dates associated with a name 1955-
9 (RLIN) 17940
856 41 - ELECTRONIC LOCATION AND ACCESS
Materials specified Table of contents only
Uniform Resource Identifier <a href="http://www.loc.gov/catdir/toc/ecip0821/2008028036.html">http://www.loc.gov/catdir/toc/ecip0821/2008028036.html</a>
906 ## - LOCAL DATA ELEMENT F, LDF (RLIN)
a 7
b cbc
c orignew
d 1
e ecip
f 20
g y-gencatlg
942 ## - ADDED ENTRY ELEMENTS (KOHA)
Source of classification or shelving scheme Dewey Decimal Classification
Item type Books
Holdings
Withdrawn status Lost status Source of classification or shelving scheme Damaged status Not for loan Home library Current library Shelving location Date acquired Source of acquisition Inventory number Full call number Barcode Date last seen Copy number Price effective from Koha item type
    Dewey Decimal Classification     Main Library Faculty of Law Library   06/02/2014 Donation 29310 346.73SMI bsu24082236 06/02/2014 001 06/02/2014 Books

© 2017 Bishop Stuart University Library. All Rights Reserved.
Kakoba Campus, Plot 150 Buremba Road | P.O. Box 9, Mbarara, UGANDA | Tel: +256-772-463068
Email: library@bsu.ac.ug